1002 1959 1901 1041 1264 1088 1182 1136 1265 1523 1169 1110 1845 1440 1083 1790 1016 1718 1647 1462 1527 1106 1277 1702 1025 1905 1771 1841 1008 1497 1155 1177 1035 1089 1656 1593 1102 1891 1943 1923 1818 1161 1842 1204 1282 1942 1989 1610 1014 1705 1252 1853 1998 1735 1336 1908 1483 1742 1071 1175 1648 1792 1236 1659 1100 1922 1662 1708 1517 1599 1098 1006 1575 1907 1695 2000 1199 1978 1192 1687 1001 1646 1382 1322 1796 1752 1428 1475 1506 1650 1463 1543 1441 1097 1157 1927 1392 1822 1926 BCNSPRNW ULIB Ver.6.0+V

เปลี่ยนเป็นภาษาไทย

Change to English
 แสดงรายละเอียดบรรณานุกรม
  กลับหน้าหลัก

Brief Record : Get Marc (ISO 2709) : E-mail record : QR code < ปิดหน้าต่าง
LEADER : 00000nam 2200000uu 4500
001    13399127177
003     ULIB
008    191019s2018||||th 000 0 tha d
020    ^a9781506237381 (pbk.)
050  4 ^aPE1128^bF773
245 00 ^a4 Practice tests for the TOEFL, 2019-2020 /^c[KaplanPublishing]
246 30 ^aFour practice tests for the TOEFL, 2019-2020
246 30 ^aKaplan TOEFL, 2019-2020 :^b4 practice tests essentialpractice for the TOEFL iBT
246 30 ^aTOEFL iBT, 2019-2020
246 30 ^aTest of English as a Foreign Language, 2019-2020
246 30 ^aKaplan Test of English as a Foreign Language, 2019-2020
260    ^aNew York :^bKaplan Publishing,^c2018
300    ^a192 p. ;^c28 cm.
650  0 ^aTest of English as a Foreign Language^vStudy guides
650  0 ^aEnglish language^vTextbooks for foreign speakers
650  0 ^aEnglish language^xExaminations^vStudy guides
945    ^p0^l0^i27869
999    ^aกัณชพร จุลอักษร
รายการนี้ยังไม่มีแท็ก
คุณยังไม่ได้ล็อกอิน คุณสามารถมีกิจกรรมร่วมกับเว็บไซต์ได้ แต่ต้องล็อกอินก่อน ::
  ล็อกอิน

รายการสื่อสารสนเทศ

ลำดับที่ ประเภท เลขเรียก/บาร์โค้ด สถานที่ สถานะ
1. วิทยาศาสตร์การแพทย์ และสุขภาพ
วิทยาศาสตร์การแพทย์ และสุขภาพ
PE1128 F773 ฉ.1 
  Barcode: 27869
ห้องสมุดวิทยาเขตนครสวรรค์
►หนังสือทั่วไป:l:General Books
ถูกยืม กำหนดส่งวันที่ 23 ธันวาคม 2568
  จอง

BibComment


ยังไม่เคยถูกคอมเมนท์

คอมเมนท์ทรัพยากรรายการนี้
  คอมเมนท์: 4 Practice tests..


 Copyright 2026. Bcnsprnw @Library